| 000 | 02269cam a22003734 4500 | ||
|---|---|---|---|
| 001 | 195597 | ||
| 003 | SpMaBN | ||
| 005 | 20250804062705.0 | ||
| 008 | 240626s2009 sp | |||| 000 f spa | ||
| 015 | _aMON09 | ||
| 017 |
_aSE 918-2009 _bOficina Depósito Legal Sevilla |
||
| 020 | _a9788493579098 | ||
| 035 | _a(OCoLC)457546796 | ||
| 040 |
_aSpMaBN _bspa _cSpMaBN _erdc _dES-MaACL |
||
| 080 | _a821.134.2-31"19" | ||
| 100 |
_aMollá, Fernando, _d1953- _0XX4672703 _9237214 _eaut |
||
| 240 | 1 | 0 | _a1811, La bella inútil |
| 245 | 1 | 0 |
_a1811, la bella inútil / _cFernando Mollá. |
| 260 |
_aAlcobendas, Madrid : _bDe Librum Tremens, _c[2009]. |
||
| 300 |
_a399 páginas ; _c22 cm |
||
| 336 |
_2rdacontent _atexto |
||
| 337 |
_2rdamedia _asin mediación |
||
| 338 |
_2rdacarrier _avolumen |
||
| 520 | _aDesde al año 1808 el castillo de San Fernando de Figueres está en manos de los franceses. Dos años después, Joan Marqués, un joven figuerense, en compañía de sus cuñados, los jóvenes Ginés y Pere Pou y un buen amigo, el estudiante Floreta, idean un audaz plan para retomar su control por los españoles. Corre el mes de Abril de 1811, y el brigadier Rovira que acampa con sus tropas de migueletes, las del antiguo Tercio del Ampurdán, en las proximidades del lago de Bañolas, recibe la noticia del audaz plan. A partir de ese momento, el brigadier, acompañado de los valerosos jóvenes escribirá con tinta de héroe, enrojecida por la sangre vertida en el heroico comportamiento de los migueletes, la página más gloriosa de la existencia del castillo de San Fernando, la más grande y bella fortaleza jamás construida en Europa, ignominiosamente rebautizada como La Bella Inútil por los franceses invasores. | ||
| 655 | 0 |
_aNovelas _9234319 |
|
| 852 |
_aES-MaACL _cDEPOJ _jN-10088 _hDonación: José Lázaro García _xEncuadernación rústica con solapas _9206219 |
||
| 903 |
_9234219 _aLázaro García, José _ednr |
||
| 942 |
_cMONOGRAFIA _n0 |
||
| 999 |
_c195597 _d195597 |
||